00801nab a2200241 uc450000100070000000500170000700800410002403500110006503500210007604000130009704100080011010000300011824500970014865000290024565000230027465000330029765000120033065000210034265000220036365000240038565000140040977301360042369111720240907090918.0010913e20001228 spa  a691117 a(OCoLC)819916100 ccomduadb aspa10aArgarate, Pablo4auteaut13aLa persona, recapitulacion dinamica de la creacion a partir del pensamiento de M. F. Sciacca aSciacca, Miguel Federico 7aMetafísica2lemb 7aFilosofía colombiana2lemb aPersona 7aCreación2lemb aSer (Filosofía) 7aSeres humanos2lemb aEternidad0 tAnámnesis : Revista de Teología (México)gVolumen 10, Número 02, Julio-Diciembre 2000, p. 155-177w101944x0188-9567090835